000 01212nam a22003017a 4500
001 7875
003 FISKH
005 20250812163400.0
008 250812b cb ||||| |||| 00| 0 eng d
020 _a9780237520069
040 _aFISKH
_beng
_cFISKH
_dFISKH
050 _aPZ7
082 _a381.10904
100 _aHunter, Rebecca
245 _aShopping in grandma's day /
_cRebecca Hunter with Angela Davies /
250 _aThis edition first published in 1999
260 _aHongkong :
_bEvans,
_c1999
300 _a30 pages :
_bcolor illustrations ;
_c25 cm
505 _aZ
520 _aBased on the recollections of real people, this book describes what shops were like and how people shopped in 1940s Britain. Intended to fulfil the requirements of the Literacy Hour it uses autobiography, anecdotes and recounting of past experiences and events. There are photographs of contemporary people, places, artefacts and documents to encourage a broad investigative approach to history.
521 8 _a930
_bLexile
521 8 _aZ
_bRaz-Plus
650 _2Non-fiction
_aShopping
650 _2Grandma
_aHouse
700 _aLafford, Stuart
_dillustrator
942 _2ddc
_cBK
_n0
999 _c7875
_d7875